Banca central en America Latina : El camino hacia adelante /

Los bancos centrales de America Latina han avanzado considerablemente en la creacion de un entorno de estabilidad de precios que propicie el crecimiento economico sostenible. Examinamos estos logros y analizamos los desafios que aun tienen por delante los bancos centrales de la region. En los casos...

সম্পূর্ণ বিবরণ

গ্রন্থ-পঞ্জীর বিবরন
প্রধান লেখক: Carriere-Swallow, Yan
অন্যান্য লেখক: Jacome H., Luis I., Magud, Nicolas, Werner, Alejandro
বিন্যাস: পত্রিকা
ভাষা:English
প্রকাশিত: Washington, D.C. : International Monetary Fund, 2018.
মালা:IMF Working Papers; Working Paper ; No. 2016/197
অনলাইন ব্যবহার করুন:Full text available on IMF
LEADER 02170cas a2200289 a 4500
001 AALejournalIMF017209
008 230101c9999 xx r poo 0 0eng d
020 |c 5.00 USD 
020 |z 9781484343241 
022 |a 1018-59411 
040 |a BD-DhAAL  |c BD-DhAAL 
100 1 |a Carriere-Swallow, Yan. 
240 1 0 |a Banca central en America Latina: El camino hacia adelante.  |l Spanish 
245 1 0 |a Banca central en America Latina :   |b El camino hacia adelante /  |c Yan Carriere-Swallow, Luis I. Jacome H., Nicolas Magud, Alejandro Werner. 
264 1 |a Washington, D.C. :  |b International Monetary Fund,  |c 2018. 
300 |a 1 online resource (38 pages) 
490 1 |a IMF Working Papers 
500 |a <strong>Off-Campus Access:</strong> No User ID or Password Required 
500 |a <strong>On-Campus Access:</strong> No User ID or Password Required 
506 |a Electronic access restricted to authorized BRAC University faculty, staff and students 
520 3 |a Los bancos centrales de America Latina han avanzado considerablemente en la creacion de un entorno de estabilidad de precios que propicie el crecimiento economico sostenible. Examinamos estos logros y analizamos los desafios que aun tienen por delante los bancos centrales de la region. En los casos en que persiste una inflacion alta y volatil, para lograr una estabilidad de precios duradera sera necesario dotar a los bancos centrales de mas independencia. En los casos en que existen regimenes de metas de inflacion solidos, los desafios pendientes son las evaluaciones de la capacidad economica ociosa, la comunicacion de la policia monetaria y la aclaracion del papel que desempena el tipo de cambio. Por ultimo, es esencial coordinar las politicas macroprudenciales con los objetivos existentes, y velar por que la estabilidad de precios siga siendo el objetivo primordial. 
538 |a Mode of access: Internet 
700 1 |a Jacome H., Luis I. 
700 1 |a Magud, Nicolas. 
700 1 |a Werner, Alejandro. 
830 0 |a IMF Working Papers; Working Paper ;  |v No. 2016/197 
856 4 0 |z Full text available on IMF  |u http://elibrary.imf.org/view/journals/001/2016/197/001.2016.issue-197-es.xml  |z IMF e-Library